[Event "Rottach Egern Seniors Cup 12th"]
[Site "Rottach Egern"]
[Date "2024.04.07"]
[Round "2"]
[White "Huber, Helmut"]
[Black "Krauseneck, Peter"]
[Result "1/2-1/2"]
[WhiteElo "1824"]
[BlackElo "2086"]
[PlyCount "107"]
[EventDate "2024.04.06"]
[EventType "swiss"]
[EventRounds "9"]
[EventCountry "GER"]
[SourceTitle "CB16_2024"]
[SourceDate "2024.04.17"]
[SourceVersion "1"]
[SourceVersionDate "2024.04.17"]
[SourceQuality "1"]

1. d4 e6 2. Nf3 b6 3. c4 Bb7 4. Nc3 f5 5. g3 Nf6 6. Bg5 h6 7. Bxf6 Qxf6 8. Bg2 Bb4 9. e3 Bxc3+ 10. bxc3 d6 11. Qb3 Nd7 12. 0-0 0-0 13. a4 a5 14. Rfd1 Kh8 15. c5 Bd5 16. c4 Be4 17. cxd6 cxd6 18. Qb5 Ra7 19. Rac1 Rc8 20. Nd2 Bxg2 21. Kxg2 Rac7 22. Nb3 e5 23. c5 dxc5 24. dxc5 Nxc5 25. Nxc5 Rxc5 26. Rxc5 Rxc5 27. Qe8+ Kh7 28. Kh3 f4 29. Rd8 fxg3 30. hxg3 Qc6 31. Qxc6 Rxc6 32. Rb8 Kg6 33. Kg4 Kf6 34. f4 g6 35. Re8 exf4 36. exf4 h5+ 37. Kf3 Rc3+ 38. Kf2 h4 39. gxh4 Rc4 40. Rb8 Rxf4+ 41. Kg3 Rb4 42. Rb7 Kf5 43. Rf7+ Ke6 44. Rg7 Kf6 45. Rb7 Kf5 46. Rf7+ Ke5 47. Rg7 Rxa4 48. Rxg6 Rb4 49. h5 Kf5 50. Rg8 Rb3+ 51. Kf2 Ke5 52. h6 Rh3 53. Rg6 b5 54. Rg5+ 1/2-1/2

[Event "Rottach Egern Seniors Cup 12th"]
[Site "Rottach Egern"]
[Date "2024.04.06"]
[Round "1"]
[White "Marquardt, Christian"]
[Black "Huber, Helmut"]
[Result "1-0"]
[WhiteElo "2020"]
[BlackElo "1824"]
[PlyCount "97"]
[EventDate "2024.04.06"]
[EventType "swiss"]
[EventRounds "9"]
[EventCountry "GER"]
[SourceTitle "CB16_2024"]
[SourceDate "2024.04.17"]
[SourceVersion "1"]
[SourceVersionDate "2024.04.17"]
[SourceQuality "1"]

1. c4 Nf6 2. g3 e6 3. Bg2 d5 4. Nf3 Nbd7 5. b3 c6 6. Bb2 Bd6 7. d4 Qe7 8. 0-0 0-0 9. Nfd2 e5 10. cxd5 cxd5 11. dxe5 Nxe5 12. Nc3 Be6 13. Nb5 a6 14. Nxd6 Qxd6 15. Nf3 Nxf3+ 16. Bxf3 Bh3 17. Re1 Rfd8 18. Qd4 Rac8 19. Red1 Rc2 20. e4 Qc5 21. Qxc5 Rxc5 22. Bxf6 gxf6 23. Rxd5 Rdc8 24. Rxc5 Rxc5 25. Bg2 Be6 26. e5 fxe5 27. Bxb7 a5 28. Be4 f5 29. Bd3 Kg7 30. Bc4 Bd7 31. Rd1 Bc6 32. Rd6 a4 33. Kf1 axb3 34. axb3 Bf3 35. Ke1 Ra5 36. Ra6 Rc5 37. Kd2 Rc7 38. Re6 e4 39. Rd6 Ra7 40. Kc3 Ra2 41. Rd2 Ra7 42. b4 Kf6 43. b5 Ra1 44. b6 Rb1 45. Rb2 Rc1+ 46. Kd4 Rd1+ 47. Ke3 Ke5 48. Rb5+ Kd6 49. b7 1-0

[Event "Rottach Egern Seniors Cup 11th"]
[Site "Rottach Egern"]
[Date "2023.04.16"]
[Round "2"]
[White "Schmieder, Siegfried"]
[Black "Huber, Helmut"]
[Result "1-0"]
[WhiteElo "1866"]
[BlackElo "1692"]
[PlyCount "63"]
[EventDate "2023.04.15"]
[EventType "swiss"]
[EventRounds "9"]
[EventCountry "GER"]
[SourceTitle "EXT 2024"]
[Source "ChessBase"]
[SourceDate "2023.10.10"]
[SourceVersion "1"]
[SourceVersionDate "2023.10.10"]
[SourceQuality "1"]

1. e4 c5 2. Nc3 Nc6 3. f4 g6 4. Bb5 Bg7 5. Bxc6 dxc6 6. Nf3 Nf6 7. d3 0-0 8. h3 Qc7 9. Be3 b6 10. g4 Rd8 11. Qe2 a5 12. Qf2 Ba6 13. f5 Nd7 14. Ng5 Rf8 15. Qh4 h6 16. fxg6 Ne5 17. 0-0-0 Nxg6 18. Qf2 hxg5 19. Bxg5 Be5 20. Ne2 Bxb2+ 21. Kxb2 Qe5+ 22. Kb1 Qxg5 23. h4 Qf6 24. Qe3 Ne5 25. Rdg1 Rad8 26. Nf4 Rd4 27. g5 Qd6 28. g6 Rb4+ 29. Kc1 Qd4 30. Qg3 Qb2+ 31. Kd1 Nc4 32. gxf7+ 1-0

[Event "Altenkirchen Seniors op 19th"]
[Site "Altenkirchen"]
[Date "2022.07.27"]
[Round "9"]
[White "Meyer, Dieter"]
[Black "Huber, Helmut"]
[Result "1-0"]
[WhiteElo "1879"]
[BlackElo "1727"]
[PlyCount "63"]
[EventDate "2022.07.19"]
[EventType "swiss"]
[EventRounds "9"]
[EventCountry "GER"]
[SourceTitle "EXT 2023"]
[Source "ChessBase"]
[SourceDate "2022.10.05"]
[SourceVersion "1"]
[SourceVersionDate "2022.10.05"]
[SourceQuality "1"]

1. c4 Nf6 2. Nc3 g6 3. g3 Bg7 4. Bg2 c5 5. e3 Nc6 6. Nge2 0-0 7. 0-0 d6 8. d3 Nd7 9. a3 e5 10. Rb1 f5 11. b4 cxb4 12. axb4 e4 13. dxe4 Nde5 14. exf5 Bxf5 15. Rb3 Kh8 16. c5 dxc5 17. Qxd8 Raxd8 18. bxc5 Rd7 19. Ne4 Nd3 20. Ba3 Be6 21. Rbb1 Bc4 22. Nd6 Ba6 23. Nb5 Rdf7 24. Nf4 Nxf4 25. gxf4 Rd7 26. Rfc1 Rfd8 27. Nd6 Bf8 28. Bb2+ Bg7 29. Bxg7+ Kxg7 30. Ra1 Nb4 31. Rcb1 Nc6 32. Bxc6 1-0

[Event "Altenkirchen Seniors op 19th"]
[Site "Altenkirchen"]
[Date "2022.07.22"]
[Round "4"]
[White "Schwarz, Hans"]
[Black "Huber, Helmut"]
[Result "1-0"]
[WhiteElo "1837"]
[BlackElo "1727"]
[PlyCount "73"]
[EventDate "2022.07.19"]
[EventType "swiss"]
[EventRounds "9"]
[EventCountry "GER"]
[SourceTitle "CBM 209 Extra"]
[Source "ChessBase"]
[SourceDate "2022.09.30"]
[SourceVersion "1"]
[SourceVersionDate "2022.09.30"]
[SourceQuality "1"]

1. e4 c5 2. Nc3 Nc6 3. f4 g6 4. Nf3 Bg7 5. Bb5 e6 6. Bxc6 bxc6 7. 0-0 Nf6 8. d3 0-0 9. Qe1 d5 10. Qf2 Qa5 11. Bd2 d4 12. Ne2 Qb6 13. b3 a5 14. a4 Ba6 15. Qe1 Bb7 16. Ne5 Ba6 17. Bxa5 Qb7 18. Bd2 Rfd8 19. g4 Ne8 20. Nf3 Nd6 21. e5 Ne8 22. Ng5 h6 23. Ne4 Qe7 24. Qg3 f5 25. exf6 Nxf6 26. Nxf6+ Qxf6 27. Rae1 Qe7 28. Qg2 Qd7 29. Ng3 Qd5 30. Ne4 Re8 31. Qh3 e5 32. fxe5 Rxe5 33. Bxh6 Rxe4 34. Rxe4 Qd7 35. Bxg7 Qxg7 36. Rfe1 Qc7 37. Qh6 1-0

[Event "Altenkirchen Seniors op 19th"]
[Site "Altenkirchen"]
[Date "2022.07.19"]
[Round "1"]
[White "Huber, Helmut"]
[Black "Lacrosse, Marc"]
[Result "0-1"]
[WhiteElo "1727"]
[BlackElo "2003"]
[PlyCount "108"]
[EventDate "2022.07.19"]
[EventType "swiss"]
[EventRounds "9"]
[EventCountry "GER"]
[SourceTitle "CBM 209 Extra"]
[Source "ChessBase"]
[SourceDate "2022.09.30"]
[SourceVersion "1"]
[SourceVersionDate "2022.09.30"]
[SourceQuality "1"]

1. Nf3 d5 2. d4 Nf6 3. c4 e6 4. Nc3 Nbd7 5. Bg5 c6 6. e3 Qa5 7. cxd5 Nxd5 8. Qc2 Bb4 9. Rc1 h6 10. Bh4 Qxa2 11. Bd3 Nxc3 12. bxc3 Qxc2 13. Rxc2 Bd6 14. 0-0 0-0 15. c4 b6 16. Ra1 Bb7 17. Rca2 a5 18. c5 bxc5 19. Rxa5 cxd4 20. Nxd4 c5 21. Nb5 Be5 22. Rxa8 Rxa8 23. Rxa8+ Bxa8 24. Be7 Bc6 25. Nd6 Bf6 26. Nc8 Bb7 27. Bxf6 Nxf6 28. Nd6 Bc6 29. f3 Kf8 30. Kf2 Ke7 31. Nc4 Bb5 32. Ke2 Bxc4 33. Bxc4 Ne8 34. Kd3 Nd6 35. e4 e5 36. Bd5 Kd7 37. h4 Kc7 38. g3 Kb6 39. Bc4 Ka5 40. Kc3 Nxc4 41. Kxc4 Kb6 42. f4 f6 43. fxe5 fxe5 44. h5 Kc6 45. Kc3 Kb5 46. Kb3 c4+ 47. Kc3 Kc5 48. g4 Kb5 49. Kc2 Kb4 50. Kb2 c3+ 51. Kc2 Kc4 52. Kc1 Kd3 53. Kd1 Kxe4 54. Kc2 Kf3 0-1

[Event "Rottach Egern Seniors Cup 10th"]
[Site "Rottach Egern"]
[Date "2022.03.29"]
[Round "4"]
[White "Huber, Helmut"]
[Black "Spanton, Timothy"]
[Result "1-0"]
[WhiteElo "1704"]
[BlackElo "1912"]
[PlyCount "71"]
[EventDate "2022.03.26"]
[EventType "swiss"]
[EventRounds "9"]
[EventCountry "GER"]
[SourceTitle "CBM 207 Extra"]
[Source "ChessBase"]
[SourceDate "2022.05.31"]
[SourceVersion "1"]
[SourceVersionDate "2022.05.31"]
[SourceQuality "1"]

1. Nf3 Nc6 2. d4 d5 3. c4 Bg4 4. Nc3 e6 5. Bf4 Bd6 6. Bg3 Nf6 7. e3 0-0 8. cxd5 exd5 9. Be2 Re8 10. Bh4 Be7 11. 0-0 Ne4 12. Bxe7 Nxe7 13. Ne5 Bf5 14. Rc1 c6 15. Bh5 g6 16. Be2 Kg7 17. g4 Be6 18. f4 f6 19. Nd3 Qd6 20. Qe1 h6 21. Nxe4 dxe4 22. Nc5 b6 23. Nxe4 Qd7 24. Qh4 Nd5 25. g5 hxg5 26. fxg5 fxg5 27. Qxg5 Bf5 28. Ng3 Nxe3 29. Nxf5+ Nxf5 30. Bg4 Qxd4+ 31. Kh1 Qd5+ 32. Bf3 Qd3 33. Rcd1 Qe3 34. Rd7+ Kf8 35. Qf6+ Kg8 36. Qxg6+ 1-0

[Event "Rottach Egern Seniors Cup 9th"]
[Site "Rottach Egern"]
[Date "2021.10.26"]
[Round "5"]
[White "Auterhoff, Juergen"]
[Black "Huber, Helmut"]
[Result "1/2-1/2"]
[WhiteElo "1788"]
[BlackElo "1678"]
[PlyCount "48"]
[EventDate "2021.10.22"]
[EventType "swiss"]
[EventRounds "7"]
[EventCountry "GER"]
[SourceTitle "CBM 204 Extra"]
[Source "ChessBase"]
[SourceDate "2021.11.30"]
[SourceVersion "1"]
[SourceVersionDate "2021.11.30"]
[SourceQuality "1"]

1. d4 Nf6 2. c4 e5 3. dxe5 Ng4 4. Nf3 Nc6 5. Bf4 Bb4+ 6. Nbd2 Qe7 7. a3 Ngxe5 8. Nxe5 Nxe5 9. e3 Bxd2+ 10. Qxd2 d6 11. Be2 0-0 12. 0-0 Ng6 13. Bg3 Be6 14. Qc2 Rfe8 15. Bd3 c6 16. Rad1 Rad8 17. b4 b6 18. Rd2 c5 19. b5 d5 20. Rfd1 dxc4 21. Bxc4 Bxc4 22. Qxc4 Rxd2 23. Rxd2 h6 24. Kf1 Rd8 1/2-1/2

[Event "Rottach Egern Seniors Cup 9th"]
[Site "Rottach Egern"]
[Date "2021.10.23"]
[Round "2"]
[White "Huber, Helmut"]
[Black "Kerschenbauer, Franz"]
[Result "0-1"]
[WhiteElo "1678"]
[BlackElo "1872"]
[PlyCount "88"]
[EventDate "2021.10.22"]
[EventType "swiss"]
[EventRounds "7"]
[EventCountry "GER"]
[SourceTitle "CBM 204 Extra"]
[Source "ChessBase"]
[SourceDate "2021.11.30"]
[SourceVersion "1"]
[SourceVersionDate "2021.11.30"]
[SourceQuality "1"]

1. Nf3 g6 2. d4 Bg7 3. c4 d6 4. Nc3 Nd7 5. e4 c5 6. Be2 cxd4 7. Nxd4 Ngf6 8. Be3 a6 9. Rc1 Nc5 10. f3 e5 11. Nb3 b6 12. 0-0 0-0 13. Nd2 Ne6 14. Nd5 Nd7 15. b4 Bb7 16. Nb3 Rc8 17. Qd2 f5 18. Rfd1 fxe4 19. fxe4 Qh4 20. Bf3 Qd8 21. Bg4 Re8 22. Nc3 Nf6 23. Bxe6+ Rxe6 24. Bg5 Rxc4 25. Nd5 Rxc1 26. Rxc1 Nxe4 27. Bxd8 Nxd2 28. Ne7+ Kf8 29. Nxd2 Ke8 30. Bxb6 Rxe7 31. Nc4 Rd7 32. Na5 Be4 33. Rc8+ Kf7 34. Nc6 Bxc6 35. Rxc6 d5 36. Bc5 d4 37. Rxa6 e4 38. Kf1 Bh6 39. Ke2 d3+ 40. Kd1 e3 41. Rd6 Rxd6 42. Bxd6 Bg7 43. Bc5 e2+ 44. Ke1 Bc3+ 0-1

[Event "Dortmund Sparkassen op-B 47th"]
[Site "Dortmund"]
[Date "2019.07.13"]
[Round "1"]
[White "Rudolph, Eva"]
[Black "Huber, Helmut"]
[Result "1-0"]
[WhiteElo "1771"]
[BlackElo "1559"]
[PlyCount "87"]
[EventDate "2019.07.13"]
[EventType "swiss"]
[EventRounds "9"]
[EventCountry "GER"]
[SourceTitle "CBM 192 Extra"]
[Source "Chessbase"]
[SourceDate "2019.11.06"]
[SourceVersion "1"]
[SourceVersionDate "2019.11.06"]
[SourceQuality "1"]

1. e4 c5 2. Nf3 d6 3. d4 cxd4 4. Qxd4 Nc6 5. Bb5 Bd7 6. Qd3 Nf6 7. Nc3 a6 8. Bxc6 Bxc6 9. Nd4 g6 10. f3 Bg7 11. Be3 Qa5 12. Qd2 Rc8 13. 0-0-0 0-0 14. Kb1 b5 15. Nxc6 Rxc6 16. Nd5 Qd8 17. h4 Nxd5 18. exd5 Rc4 19. h5 a5 20. Bh6 Be5 21. f4 Rd4 22. Qe3 Rxd1+ 23. Rxd1 Bg7 24. f5 Bxh6 25. Qxh6 gxh5 26. g4 f6 27. g5 fxg5 28. Qxg5+ Kh8 29. Qxh5 Qe8 30. Qg5 Rg8 31. Qd2 Qf8 32. Qxa5 Qxf5 33. Qxb5 Rc8 34. Qd3 Qf2 35. Rh1 Qf7 36. a4 Ra8 37. a5 Qg7 38. b4 Rc8 39. Rh3 Rf8 40. Qc3 Rf5 41. a6 Rf8 42. b5 Ra8 43. Qxg7+ Kxg7 44. Ra3 1-0

[Event "GER-ch Seniors 65 31st"]
[Site "Radebeul"]
[Date "2019.05.01"]
[Round "6"]
[White "Huber, Helmut"]
[Black "Geibel, Henning"]
[Result "1-0"]
[WhiteElo "1652"]
[BlackElo "1392"]
[PlyCount "69"]
[EventDate "2019.04.26"]
[EventType "swiss"]
[EventRounds "9"]
[EventCountry "GER"]
[SourceTitle "CBM 190 Extra"]
[Source "ChessBase"]
[SourceDate "2019.07.15"]
[SourceVersion "1"]
[SourceVersionDate "2019.07.15"]
[SourceQuality "1"]

1. d4 d5 2. Nf3 Bf5 3. c4 dxc4 4. Nc3 e6 5. e4 Bg4 6. Qa4+ Nc6 7. Ne5 Bh5 8. Nxc6 bxc6 9. Qxc6+ Ke7 10. Bg5+ f6 11. Bxc4 Bf7 12. Be3 Rb8 13. Bb3 Rb6 14. Qc5+ Kd7 15. Qc4 Bd6 16. d5 exd5 17. exd5 Rb4 18. Qc6+ Ke7 19. 0-0 Be8 20. Qa6 Kf8 21. Qe2 a5 22. Bc4 Ne7 23. a3 Rb8 24. Rad1 a4 25. Ne4 Be5 26. Nc5 Bf7 27. Ne6+ Bxe6 28. dxe6 Qc8 29. Qh5 Qe8 30. Qxe8+ Rxe8 31. Bc5 Bxb2 32. Rd7 Be5 33. Rfd1 g5 34. Rxe7 Rxe7 35. Rd8+ 1-0

[Event "GER-ch Seniors 65 31st"]
[Site "Radebeul"]
[Date "2019.04.30"]
[Round "5"]
[White "Mertens, Gottfried"]
[Black "Huber, Helmut"]
[Result "1-0"]
[WhiteElo "1782"]
[BlackElo "1652"]
[PlyCount "99"]
[EventDate "2019.04.26"]
[EventType "swiss"]
[EventRounds "9"]
[EventCountry "GER"]
[SourceTitle "CBM 190 Extra"]
[Source "ChessBase"]
[SourceDate "2019.07.15"]
[SourceVersion "1"]
[SourceVersionDate "2019.07.15"]
[SourceQuality "1"]

1. d4 Nf6 2. e3 d5 3. Nf3 Bf5 4. Bd3 Bxd3 5. Qxd3 Nbd7 6. Nbd2 e6 7. b3 c5 8. Bb2 Rc8 9. 0-0 Be7 10. Ne5 0-0 11. Ndf3 Ne4 12. Nxd7 Qxd7 13. Ne5 Qc7 14. f3 Nf6 15. c4 cxd4 16. exd4 dxc4 17. bxc4 Rfd8 18. Qe2 Bd6 19. f4 b6 20. Rac1 Qb7 21. Rfe1 Bb4 22. Red1 Ne8 23. g3 Bf8 24. Qg2 Qxg2+ 25. Kxg2 Bd6 26. a4 g6 27. Nd3 Ng7 28. c5 bxc5 29. dxc5 Be7 30. c6 Ne8 31. Kf3 f6 32. Nf2 Rxd1 33. Nxd1 Nc7 34. Ne3 Rb8 35. Bd4 a6 36. a5 Rb3 37. Bb6 Bd6 38. Rd1 Nd5 39. c7 Rc3 40. Rd3 Rc1 41. Nxd5 exd5 42. Rxd5 Bxc7 43. Bxc7 Rxc7 44. Rd6 Kf7 45. Rxa6 f5 46. Ra8 Rc3+ 47. Kg2 Ra3 48. a6 Ke6 49. a7 Kf7 50. Rh8 1-0

[Event "GER-ch Seniors 65 31st"]
[Site "Radebeul"]
[Date "2019.04.28"]
[Round "3"]
[White "Huber, Helmut"]
[Black "Girod, Gudrun"]
[Result "1/2-1/2"]
[WhiteElo "1652"]
[BlackElo "1487"]
[PlyCount "58"]
[EventDate "2019.04.26"]
[EventType "swiss"]
[EventRounds "9"]
[EventCountry "GER"]
[SourceTitle "CBM 190 Extra"]
[Source "ChessBase"]
[SourceDate "2019.07.15"]
[SourceVersion "1"]
[SourceVersionDate "2019.07.15"]
[SourceQuality "1"]

1. d4 d5 2. Nf3 e6 3. c4 Nf6 4. Nc3 Be7 5. Bg5 c6 6. e3 Nbd7 7. Rc1 0-0 8. Bd3 h6 9. Bh4 dxc4 10. Bxc4 Nd5 11. Bxe7 Qxe7 12. 0-0 Nxc3 13. Rxc3 Nf6 14. Bd3 Bd7 15. Ne5 Rad8 16. Qb3 Bc8 17. a4 Nd7 18. Nc4 b6 19. Nd2 Bb7 20. Qc2 Nf6 21. Qb1 e5 22. dxe5 Qxe5 23. Nf3 Qb8 24. Be2 c5 25. a5 Bxf3 26. Bxf3 Rd2 27. axb6 axb6 28. Ra3 Rfd8 29. Ra8 Qc7 1/2-1/2

[Event "GER-ch Seniors 50"]
[Site "Hamburg"]
[Date "2018.07.27"]
[Round "7"]
[White "Huber, Helmut"]
[Black "Zunk, Steffi"]
[Result "1-0"]
[WhiteElo "1721"]
[BlackElo "798"]
[PlyCount "27"]
[EventDate "2018.07.21"]
[EventType "swiss"]
[EventRounds "9"]
[EventCountry "GER"]
[SourceTitle "CBM 186 Extra"]
[Source "ChessBase"]
[SourceDate "2018.08.24"]
[SourceVersion "1"]
[SourceVersionDate "2018.08.24"]
[SourceQuality "1"]

1. Nf3 Nc6 2. d4 d5 3. c4 dxc4 4. Nc3 Bf5 5. d5 Na5 6. Qa4+ c6 7. dxc6 bxc6 8. e4 Bg6 9. Ne5 Qd6 10. Bf4 Qc5 11. Nxc4 e5 12. Nxe5 Bd6 13. Nxg6 fxg6 14. Bxd6 1-0

[Event "GER-chB Seniors 28th"]
[Site "Niederhausen"]
[Date "2016.08.13"]
[Round "1"]
[White "Huber, Helmut"]
[Black "Merettig, Georg"]
[Result "0-1"]
[WhiteElo "1704"]
[BlackElo "1870"]
[PlyCount "70"]
[EventDate "2016.08.13"]
[EventType "swiss"]
[EventRounds "9"]
[EventCountry "GER"]
[SourceTitle "EXT 2019"]
[Source "ChessBase"]
[SourceDate "2018.10.10"]
[SourceVersion "1"]
[SourceVersionDate "2018.10.10"]
[SourceQuality "1"]

1. Nf3 f5 2. e4 d6 3. Bc4 e5 4. d3 Nf6 5. exf5 Bxf5 6. Ng5 d5 7. Bb3 Nc6 8. h3 h6 9. Nf3 Bd6 10. Nc3 Ne7 11. 0-0 c6 12. Ne2 g5 13. c4 d4 14. c5 Bc7 15. Re1 g4 16. Nh4 gxh3 17. Nxf5 Nxf5 18. Nf4 Qe7 19. Nxh3 0-0-0 20. Nf4 Qh7 21. Ne6 Rde8 22. Qf3 Qg6 23. Qh3 Nd5 24. Bxd5 cxd5 25. Nxc7 Kxc7 26. Qh2 Qf6 27. Bd2 Rhg8 28. Ba5+ Kb8 29. Rac1 Nh4 30. Qh3 Nxg2 31. Kh1 Nf4 32. Qh2 Rg2 33. Qxg2 Nxg2 34. Kxg2 Qg6+ 35. Kh2 Rg8 0-1

[Event "Dortmund Sparkassen op-B 44th"]
[Site "Dortmund"]
[Date "2016.07.09"]
[Round "1"]
[White "Righi, Sofian"]
[Black "Huber, Helmut"]
[Result "1-0"]
[WhiteElo "1790"]
[BlackElo "1550"]
[PlyCount "145"]
[EventDate "2016.07.09"]
[EventType "swiss"]
[EventRounds "9"]
[EventCountry "GER"]
[SourceTitle "CBM 173 Extra"]
[Source "ChessBase"]
[SourceDate "2016.08.29"]
[SourceVersion "1"]
[SourceVersionDate "2016.08.29"]
[SourceQuality "1"]

1. d4 Nf6 2. c4 e6 3. Nc3 d5 4. Bg5 Nbd7 5. e3 c6 6. cxd5 exd5 7. Bd3 Bd6 8. Nf3 h6 9. Bh4 Qc7 10. 0-0 g5 11. Bg3 Bxg3 12. hxg3 Nf8 13. Qc2 Qe7 14. Rfe1 Ne6 15. Bf5 0-0 16. Rad1 Ng7 17. Bxc8 Raxc8 18. e4 dxe4 19. Nxe4 Nxe4 20. Rxe4 Qf6 21. Rde1 Rcd8 22. Re7 Nf5 23. Rxb7 Nxd4 24. Nxd4 Qxd4 25. Qxc6 Qd2 26. Qc1 a5 27. Qxd2 Rxd2 28. Re5 Rc8 29. Rf5 Rcc2 30. Rbxf7 a4 31. g4 Rxb2 32. Ra7 Rxa2 33. Ra8+ Kg7 34. Ra7+ Kg8 35. Kh2 Rxf2 36. Ra8+ Kg7 37. Ra7+ Kg8 38. Rxf2 Rxf2 39. Rxa4 Kg7 40. Ra5 Rb2 41. Rf5 Kg6 42. Rd5 Rb4 43. Kg3 Rb3+ 44. Kf2 Rb4 45. Rd6+ Kg7 46. Kf3 Rf4+ 47. Kg3 Rf7 48. Rd5 Rf6 49. Kh3 Kf7 50. Rf5 Ke6 51. Ra5 Kd7 52. Ra7+ Ke6 53. Ra5 Kf7 54. Kg3 Ke6 55. Rb5 Kf7 56. Re5 Kg6 57. Re7 Rf7 58. Rxf7 Kxf7 59. Kf3 Kf6 60. Ke4 Kg6 61. Ke5 h5 62. Ke6 h4 63. Ke5 Kg7 64. Kf5 Kf7 65. Kxg5 Kg7 66. Kxh4 Kh6 67. g5+ Kg6 68. Kg4 Kg7 69. Kf5 Kf7 70. g6+ Kg8 71. Kf6 Kf8 72. g7+ Kg8 73. g3 1-0

[Event "Dortmund Sparkassen op-B"]
[Site "Dortmund"]
[Date "2015.07.04"]
[Round "8"]
[White "Huber, Helmut"]
[Black "Nadrowski, Joseph"]
[Result "1-0"]
[WhiteElo "1530"]
[BlackElo "1606"]
[PlyCount "45"]
[EventDate "2015.06.27"]
[EventType "swiss"]
[EventRounds "9"]
[EventCountry "GER"]
[SourceTitle "CBM 167 Extra"]
[Source "ChessBase"]
[SourceDate "2015.09.14"]
[SourceVersion "1"]
[SourceVersionDate "2015.09.14"]
[SourceQuality "1"]

1. Nf3 d5 2. d4 e6 3. e3 Nf6 4. Bd3 c5 5. c3 c4 6. Bc2 Bd6 7. Nbd2 Bd7 8. e4 dxe4 9. Nxe4 Bc6 10. Nxd6+ Qxd6 11. Ne5 Bd5 12. 0-0 Nbd7 13. Qe2 Rc8 14. Bg5 h6 15. Bh4 0-0 16. f4 Rfe8 17. g4 Bc6 18. Nxc6 Qxc6 19. g5 hxg5 20. fxg5 Nd5 21. Qh5 Ne3 22. Bh7+ Kh8 23. Be4+ 1-0

[Event "Dortmund Sparkassen op-B"]
[Site "Dortmund"]
[Date "2015.07.03"]
[Round "7"]
[White "Baumann, Eva"]
[Black "Huber, Helmut"]
[Result "1/2-1/2"]
[WhiteElo "1596"]
[BlackElo "1530"]
[PlyCount "67"]
[EventDate "2015.06.27"]
[EventType "swiss"]
[EventRounds "9"]
[EventCountry "GER"]
[SourceTitle "CBM 167 Extra"]
[Source "ChessBase"]
[SourceDate "2015.09.14"]
[SourceVersion "1"]
[SourceVersionDate "2015.09.14"]
[SourceQuality "1"]

1. e4 e6 2. d4 d5 3. exd5 exd5 4. Nf3 Nf6 5. Bd3 Bd6 6. 0-0 0-0 7. Bg5 h6 8. Bh4 Bg4 9. Nbd2 Nbd7 10. Bg3 Bxg3 11. hxg3 Re8 12. Re1 c6 13. c3 Rxe1+ 14. Qxe1 Qb6 15. Qc1 Re8 16. Qc2 c5 17. Rb1 c4 18. Bf5 Qa5 19. Ra1 Re2 20. Kf1 Re7 21. Bxg4 Nxg4 22. a3 Ndf6 23. Re1 Qc7 24. Qb1 a5 25. Nh4 g6 26. Nhf3 Qd6 27. Qc1 Kg7 28. Qb1 a4 29. Kg1 b5 30. Nh4 Nxf2 31. Kxf2 Ng4+ 32. Kf3 Nh2+ 33. Kf2 Ng4+ 34. Kf3 1/2-1/2

[Event "Dortmund Sparkassen op-B"]
[Site "Dortmund"]
[Date "2015.06.29"]
[Round "3"]
[White "Roth, Jan Paul"]
[Black "Huber, Helmut"]
[Result "1-0"]
[WhiteElo "1629"]
[BlackElo "1530"]
[PlyCount "45"]
[EventDate "2015.06.27"]
[EventType "swiss"]
[EventRounds "9"]
[EventCountry "GER"]
[SourceTitle "CBM 167 Extra"]
[Source "ChessBase"]
[SourceDate "2015.09.14"]
[SourceVersion "1"]
[SourceVersionDate "2015.09.14"]
[SourceQuality "1"]

1. d4 Nf6 2. Nf3 d5 3. Bf4 e6 4. e3 Bd6 5. Bg3 0-0 6. Bd3 c5 7. c3 Nc6 8. Nbd2 b6 9. Ne5 Qc7 10. Nxc6 Qxc6 11. Bh4 Ne4 12. Rg1 f5 13. g4 f4 14. Qc2 Bb7 15. f3 Nxd2 16. Bxh7+ Kh8 17. Kxd2 fxe3+ 18. Ke1 Qb5 19. a4 Qe8 20. Bg6 Qd8 21. Qg2 cxd4 22. Bg5 Rxf3 23. Qxf3 1-0

[Event "Dortmund Sparkassen op-B"]
[Site "Dortmund"]
[Date "2015.06.27"]
[Round "1"]
[White "Kueppers, Timo"]
[Black "Huber, Helmut"]
[Result "1-0"]
[WhiteElo "1733"]
[BlackElo "1530"]
[PlyCount "39"]
[EventDate "2015.06.27"]
[EventType "swiss"]
[EventRounds "9"]
[EventCountry "GER"]
[SourceTitle "CBM 167 Extra"]
[Source "ChessBase"]
[SourceDate "2015.09.14"]
[SourceVersion "1"]
[SourceVersionDate "2015.09.14"]
[SourceQuality "1"]

1. e4 c5 2. Nc3 Nc6 3. f4 g6 4. Bb5 Bg7 5. d3 e6 6. Bxc6 bxc6 7. e5 f6 8. Nf3 Nh6 9. Ne4 Qa5+ 10. Bd2 Qb6 11. exf6 Bf8 12. Bc3 Nf7 13. Neg5 c4 14. Nxf7 cxd3 15. cxd3 Bb4 16. Nxh8 Qe3+ 17. Qe2 Bxc3+ 18. bxc3 Qc5 19. Qd2 Rb8 20. Ng5 1-0